One hundred shades of white / (Record no. 176968)

MARC details
000 -LEADER
fixed length control field 00586nam a22001937a 4500
005 - DATE AND TIME OF LATEST TRANSACTION
control field 20210204112936.0
008 - FIXED-LENGTH DATA ELEMENTS--GENERAL INFORMATION
fixed length control field 180725b xxu||||| |||| 00| 0 eng d
010 ## - LCCN (DPL NO)
LC control number B-213717
035 ## - SYSTEM CONTROL NUMBER
System control number B-213717
037 ## - SOURCE OF ACQUISITION
Source of stock number/acquisition BPPD/PUB
082 ## - DEWEY DECIMAL CLASSIFICATION NUMBER
Classification number N
100 ## - MAIN ENTRY--PERSONAL NAME
Personal name Nair Preethi
245 ## - TITLE STATEMENT
Title One hundred shades of white /
Statement of responsibility, etc Preethi Nair
260 ## - PUBLICATION, DISTRIBUTION, ETC. (IMPRINT)
Place of publication, distribution, etc New Delhi
Name of publisher, distributor, etc harperCollins Publishers India
Date of publication, distribution, etc 2005
270 ## - ADDRESS
Address 1A Hamilton house, connaught place
City New Delhi
Postal code 110001
300 ## - PHYSICAL DESCRIPTION
Extent 294p.
Dimensions 24 cm (Hb)
650 ## - SUBJECT ADDED ENTRY--TOPICAL TERM
Topical term or geographic name as entry element Financial accountancy
942 ## - ADDED ENTRY ELEMENTS (KOHA)
Institution code [OBSOLETE] dpl
Item type English Books
Call number prefix 657.48 / GUP
Source of classification or shelving scheme Dewey Decimal Classification
Classification part N
Call number suffix NAY
Holdings
Withdrawn status Lost status Source of classification or shelving scheme Damaged status Not for loan Collection code Home library Current library Date acquired Cost, normal purchase price Total Checkouts Total Renewals Full call number Barcode Date last seen Cost, replacement price Koha item type Copy number
    Dewey Decimal Classification     Fiction Sarojini Nagar Sarojini Nagar 04/02/2021 295.00 9 13 N NAY B-213717 23/07/2025 295.00 English Books  
    Dewey Decimal Classification       Sarojini Nagar Sarojini Nagar 23/11/2024 295.00 1 1 N NAY B-115374 26/12/2024 295.00 English Books 1

© Delhi Public Library
Hit Counter
free hit counter